000 00397nam a2200145Ia 4500
008 240925s9999 xx 000 0 und d
020 _a9788126553051
100 _a Kulkarni, Murlidhar
245 0 _aInformation Theory and Coding
260 _aNew Delhi
_bWiley India
_c2017
300 _a356
650 _aElectronics and Communication Engineering
700 _aShivaprakasha, KS
942 _cBK
999 _c27735
_d27735